| 000 | 00729nam a2200277Ia 4500 | ||
|---|---|---|---|
| 001 | Para_7469 | ||
| 003 | CHAP | ||
| 008 | 220125s1978 xx 000 0 und d | ||
| 010 | _a206357 | ||
| 040 | _cCHAP | ||
| 082 | _aPA 632.51 D3 | ||
| 100 |
_aDajoz, Roger _930917 |
||
| 245 |
_aLos insecticidas / _c por Roger Dajoz |
||
| 260 |
_aBarcelona : _b Oikos-tau |
||
| 300 | _a114 p. | ||
| 650 |
_aInsecticidas _958855 |
||
| 650 |
_aInsecticidas _x toxicidad _958882 |
||
| 650 |
_aInsectos _x resistencia a insecticidas _958941 |
||
| 901 | _aPA 632.51 D3 | ||
| 902 | _aA | ||
| 905 | _a0000001978 a 0000000000 00 | ||
| 910 | _a1978 | ||
| 942 | _cPARA | ||
| 942 |
_cPARA _d1 |
||
| 999 |
_c206357 _d206357 |
||